Capitals and Countries of Europe - HARD - Statistics

General Stats
  • This quiz has been taken 4,342 times
    3,807 since last reset
  • The average score is 36 of 45
Answer Stats
Capital, Country % Correct
London, United Kingdom
93%
Madrid, Spain
92%
Oslo, Norway
92%
Paris, France
92%
Lisbon, Portugal
91%
Stockholm, Sweden
91%
Berlin, Germany
90%
Dublin, Ireland
90%
Helsinki, Finland
90%
Rome, Italy
89%
Amsterdam, Netherlands
88%
Moscow, Russia
88%
Athens, Greece
87%
Brussels, Belgium
87%
Warsaw, Poland
87%
Budapest, Hungary
86%
Copenhagen, Denmark
85%
Vienna, Austria
85%
Prague, Czechia
84%
Bern, Switzerland
83%
Bucharest, Romania
83%
Riga, Latvia
83%
Luxembourg City, Luxembourg
82%
Minsk, Belarus
82%
Andorra la Vella, Andorra
80%
City of San Marino, San Marino
80%
Monaco, Monaco
80%
Sofia, Bulgaria
80%
Zagreb, Croatia
80%
Reykjavík, Iceland
79%
Tallinn, Estonia
77%
Vilnius, Lithuania
77%
Bratislava, Slovakia
76%
Kiev, Ukraine
76%
Belgrade, Serbia
75%
Tirana, Albania
74%
Vatican City, Vatican City
73%
Ljubljana, Slovenia
70%
Vaduz, Liechtenstein
69%
Skopje, North Macedonia
67%
Chișinău, Moldova
66%
Pristina, Kosovo
66%
Valletta, Malta
66%
Podgorica, Montenegro
65%
Sarajevo, Bosnia and Herzegovina
63%
No matching quizzes found
Score Distribution
Percent of People with Each Score
Percentile by Number Answered
Your Score History
You have not taken this quiz since the last reset